[Event "1st Bristol NY Open Tournament"]
[Site "Bristol Bridge & Clifton Chess"]
[Date "2024.12.29"]
[Round "4.6"]
[White "Kett, Tim"]
[Black "Ashworth, Robert M"]
[Result "1-0"]
[WhiteElo "2114"]
[BlackElo "1860"]
[PlyCount "65"]
[GameId "2137991600455395"]
[EventDate "2024.12.27"]
[SourceTitle "Bristol_NY24_Fide_Open"]
[Source "David Tipper"]
[SourceDate "2025.02.16"]
[SourceVersion "1"]
[SourceVersionDate "2025.02.16"]
[SourceQuality "2"]

{[%evp 0,48,22,22,22,22,15,0,11,4,4,4,7,-5,-6,-31,-16,-24,-36,-43,-34,-32,-57,-32,-33,-37,-56,-56,-5,-64,-30,-52,-51,-46,53,159,64,62,246,415,386,411,421,440,284,434,105,416,416,426,376]} 1. e4 e5 2. Nf3 Nc6 3. Bc4 Bc5 4. c3 Nf6 5. d4 exd4 6. cxd4 Bb4+ 7. Nc3 Nxe4 8. O-O Bxc3 9. d5 Bf6 10. Re1 Ne7 11. Rxe4 d6 12. Bg5 Bxg5 13. Nxg5 h6 14. Qa4+ Bd7 15. Qb3 O-O 16. Rae1 Ng6 17. Ne6 fxe6 18. dxe6 Bxe6 19. Rxe6 Kh8 20. Rxg6 Qh4 21. Qc3 Qxf2+ 22. Kh1 Rf6 23. Rxf6 Qxf6 24. Qxf6 gxf6 25. Re7 Rc8 26. Be6 Rd8 27. Rxc7 b6 28. Kg1 Re8 29. Rc8 Rxc8 30. Bxc8 Kg7 31. Kf2 Kf7 32. Ke3 Ke7 33. Ke4 1-0

[Event "1st Bristol NY Open Tournament"]
[Site "Bristol Bridge & Clifton Chess"]
[Date "2024.12.29"]
[Round "4.7"]
[White "Kothari, Jai"]
[Black "Hill, Alistair"]
[Result "1-0"]
[WhiteElo "1964"]
[BlackElo "2107"]
[PlyCount "101"]
[GameId "2137992493793010"]
[EventDate "2024.12.27"]
[SourceTitle "Bristol_NY24_Fide_Open"]
[Source "David Tipper"]
[SourceDate "2025.02.16"]
[SourceVersion "1"]
[SourceVersionDate "2025.02.16"]
[SourceQuality "2"]

1. e4 c5 2. Nc3 e6 3. f4 d5 4. Nf3 Be7 5. Bb5+ Kf8 6. Be2 dxe4 7. Nxe4 Nf6 8. d3 Nc6 9. c3 b6 10. Qc2 Bb7 11. Bd2 Qc7 12. O-O g6 13. b4 Kg7 14. b5 Nb8 15. c4 Nbd7 16. Bc3 Rhe8 17. Ne5 Kg8 18. Ng5 Rf8 19. Rae1 Nxe5 20. Bxe5 Qd8 21. Ba1 Ne8 22. Nf3 Bxf3 23. Bxf3 Rc8 24. Be5 Bf6 25. Kh1 Bxe5 26. fxe5 Ng7 27. Be4 Qd4 28. Qc1 Rc7 29. Qg5 Qd8 30. Qf4 Rd7 31. Re3 Nf5 32. Rh3 Rd4 33. g4 g5 34. Qc1 Nh4 35. Rf6 Rxe4 36. Qxg5+ Ng6 37. Qh6 Re1+ 38. Kg2 Qa8+ 39. Rff3 Nf4+ 40. Qxf4 f6 41. exf6 Rf7 42. Kf2 Ra1 43. Qe5 Rxa2+ 44. Kg3 Qc8 45. Kh4 a6 46. g5 axb5 47. Rfg3 Kf8 48. Qd6+ Ke8 49. Re3 Rd7 50. Rxe6+ Kd8 51. f7 1-0

[Event "1st Bristol NY Open Tournament"]
[Site "Bristol Bridge & Clifton Chess"]
[Date "2024.12.29"]
[Round "4.8"]
[White "Shepherd, Tom"]
[Black "Bergsson, Stefan"]
[Result "1/2-1/2"]
[WhiteElo "1900"]
[BlackElo "2164"]
[PlyCount "140"]
[GameId "2138094508696222"]
[EventDate "2024.12.27"]
[SourceTitle "Bristol_NY24_Fide_Open"]
[Source "David Tipper"]
[SourceDate "2025.02.16"]
[SourceVersion "1"]
[SourceVersionDate "2025.02.16"]
[SourceQuality "2"]

1. d4 Nf6 2. Nf3 d6 3. g3 Bg4 4. Bg2 Nbd7 5. O-O g6 6. a4 a5 7. Nc3 Bg7 8. h3 Bxf3 9. Bxf3 c6 10. e4 O-O 11. Be3 Nb6 12. Qd3 d5 13. b3 dxe4 14. Nxe4 Nfd5 15. Bd2 Qc8 16. Bg2 Rd8 17. f4 Nb4 18. Bxb4 Bxd4+ 19. Kh1 Bxa1 20. Qe2 axb4 21. Rxa1 Nd5 22. Nc5 b6 23. Nd3 Qf5 24. Kh2 Ra7 25. Qf2 Rd6 26. Bxd5 cxd5 27. Nxb4 e5 28. Rf1 e4 29. Qd4 Rc7 30. c4 e3 31. Nxd5 Qc2+ 32. Kh1 Qxb3 33. Nf6+ Rxf6 34. Qxf6 Rc8 35. Re1 Qxc4 36. Qxb6 Qe4+ 37. Kg1 Re8 38. Qb5 h5 39. h4 Re6 40. Re2 Rc6 41. Kh2 Rc1 42. Rg2 Rb1 43. Qe5 Qxe5 44. fxe5 Rd1 45. a5 Rd2 46. a6 e2 47. a7 e1=Q 48. a8=Q+ Kg7 49. Rxd2 Qxd2+ 50. Qg2 Qe1 51. Qd5 Qe2+ 52. Kg1 Qg4 53. Kh2 Qf5 54. Qd4 Kh7 55. Qe3 Qg4 56. Kg2 Kg7 57. Qc5 Qe2+ 58. Kg1 Qf3 59. Kh2 Kh7 60. Qd4 Qf1 61. Qe3 Kg7 62. Qd4 Qe2+ 63. Kg1 Kh7 64. Qf4 Qd1+ 65. Kh2 Kg8 66. Qf6 Qd4 67. Kg2 Qe4+ 68. Kh2 Qd5 69. Kg1 Qd2 70. Kh1 Qe1+ 1/2-1/2

[Event "1st Bristol NY Open Tournament"]
[Site "Bristol Bridge & Clifton Chess"]
[Date "2024.12.29"]
[Round "4.9"]
[White "Mussa, Adam"]
[Black "Davis, Colin J"]
[Result "0-1"]
[WhiteElo "1259"]
[BlackElo "2063"]
[PlyCount "80"]
[GameId "2138098070279494"]
[EventDate "2024.12.27"]
[SourceTitle "Bristol_NY24_Fide_Open"]
[Source "David Tipper"]
[SourceDate "2025.02.16"]
[SourceVersion "1"]
[SourceVersionDate "2025.02.16"]
[SourceQuality "2"]

1. e4 d6 2. d4 Nf6 3. Nc3 g6 4. Bg5 Bg7 5. Qd2 h6 6. Bf4 a6 7. Bd3 Nc6 8. Nge2 e5 9. dxe5 dxe5 10. Be3 Nd4 11. f4 Ng4 12. fxe5 Qh4+ 13. Ng3 Nxe3 14. Qxe3 Bxe5 15. Nd5 O-O 16. O-O-O c6 17. Ne7+ Qxe7 18. Qxh6 Ne6 19. Ne2 Qg5+ 20. Qxg5 Nxg5 21. h4 Ne6 22. h5 Kg7 23. Rdf1 Bd7 24. Bc4 b5 25. Bd3 Nc5 26. b4 Nxd3+ 27. cxd3 Bg4 28. Kd2 Rh8 29. hxg6 Rxh1 30. Rxh1 fxg6 31. Nc3 a5 32. Ne2 axb4 33. Nc1 Bf4+ 34. Kc2 Bxc1 35. Kxc1 Rxa2 36. Rg1 Ra1+ 37. Kd2 Rxg1 38. Kc2 Rxg2+ 39. Kb3 c5 40. e5 Bd1# 0-1

[Event "1st Bristol NY Open Tournament"]
[Site "Bristol Bridge & Clifton Chess"]
[Date "2024.12.29"]
[Round "4.10"]
[White "Acharya, Kandara"]
[Black "Varley, Joe"]
[Result "0-1"]
[WhiteElo "1753"]
[BlackElo "1927"]
[PlyCount "80"]
[GameId "2138099267753310"]
[EventDate "2024.12.27"]
[SourceTitle "Bristol_NY24_Fide_Open"]
[Source "David Tipper"]
[SourceDate "2025.02.16"]
[SourceVersion "1"]
[SourceVersionDate "2025.02.16"]
[SourceQuality "2"]

1. c4 e5 2. Nc3 Nc6 3. g3 g6 4. Bg2 Bg7 5. Nf3 Nge7 6. O-O O-O 7. d3 d6 8. Rb1 f5 9. e3 h6 10. d4 e4 11. Ne1 g5 12. f3 exf3 13. Nxf3 Ng6 14. b4 Nce7 15. Bb2 c6 16. d5 Re8 17. Nd4 Ne5 18. Qb3 c5 19. bxc5 dxc5 20. Nde2 N7g6 21. Nd1 Rb8 22. Nf2 Bd7 23. Bxe5 Bxe5 24. Qd3 Bd6 25. Nc3 a6 26. Rfe1 Qf6 27. Qc2 b5 28. cxb5 axb5 29. Nd3 c4 30. Nb4 Bc5 31. Nc6 Bxc6 32. dxc6 Qe5 33. Kh1 b4 34. Nd5 c3 35. e4 f4 36. Bh3 Bd6 37. Rbd1 fxg3 38. Rf1 Rf8 39. Bd7 Ne7 40. Qd3 g2+ 0-1

[Event "1st Bristol NY Open Tournament"]
[Site "Bristol Bridge & Clifton Chess"]
[Date "2024.12.29"]
[Round "4.11"]
[White "Chua, Sebastien"]
[Black "Kumar, Yuvraj"]
[Result "1-0"]
[WhiteElo "2003"]
[BlackElo "1673"]
[PlyCount "53"]
[GameId "2138100574856765"]
[EventDate "2024.12.27"]
[SourceTitle "Bristol_NY24_Fide_Open"]
[Source "David Tipper"]
[SourceDate "2025.02.16"]
[SourceVersion "1"]
[SourceVersionDate "2025.02.16"]
[SourceQuality "2"]

1. e4 d5 2. exd5 Qxd5 3. Nc3 Qa5 4. d4 c6 5. Nf3 Nf6 6. Bc4 Bf5 7. Ne5 e6 8. g4 Bg6 9. h4 Be4 10. O-O Bd5 11. g5 Nfd7 12. Bxd5 cxd5 13. Nxf7 Kxf7 14. Qf3+ Nf6 15. gxf6 g6 16. Ne2 Nc6 17. c3 Bd6 18. Bh6 Rae8 19. Kh1 Qd8 20. Bg7 Rhg8 21. Rae1 Bf8 22. Nf4 Bxg7 23. fxg7 Qxh4+ 24. Kg2 Qg5+ 25. Qg3 Qf6 26. Re3 Kxg7 27. Nh5+ 1-0

[Event "1st Bristol NY Open Tournament"]
[Site "Bristol Bridge & Clifton Chess"]
[Date "2024.12.29"]
[Round "4.12"]
[White "Norris, Zack"]
[Black "Skalski, Sebastian"]
[Result "1-0"]
[WhiteElo "1887"]
[BlackElo "1858"]
[PlyCount "83"]
[GameId "2138101836797767"]
[EventDate "2024.12.27"]
[SourceTitle "Bristol_NY24_Fide_Open"]
[Source "David Tipper"]
[SourceDate "2025.02.16"]
[SourceVersion "1"]
[SourceVersionDate "2025.02.16"]
[SourceQuality "2"]

1. c4 e5 2. Nc3 f5 3. g3 Nf6 4. Bg2 Bb4 5. Qc2 Bxc3 6. Qxc3 d6 7. e3 O-O 8. Ne2 a5 9. O-O Nc6 10. b3 Qe8 11. d4 e4 12. f3 Bd7 13. Nf4 Ne7 14. fxe4 Nxe4 15. Qd3 g5 16. Ne2 Qh5 17. Bf3 Qh3 18. Bb2 d5 19. Ba3 Rfe8 20. Bxe7 Rxe7 21. cxd5 Rae8 22. Rae1 Nd6 23. Nc3 f4 24. Bg2 Qh6 25. e4 Bh3 26. e5 Nf5 27. Ne4 Bxg2 28. Kxg2 Qg6 29. Kg1 Kh8 30. Nf6 Rd8 31. Qc3 Ne3 32. Rxe3 fxe3 33. Qxe3 Rf8 34. Qc3 b6 35. Qc6 Qd3 36. Qc4 Qe3+ 37. Kg2 Ref7 38. Rf3 Qd2+ 39. Rf2 Qe3 40. Re2 Rxf6 41. Rxe3 Rf2+ 42. Kg1 1-0

[Event "1st Bristol NY Open Tournament"]
[Site "Bristol Bridge & Clifton Chess"]
[Date "2024.12.29"]
[Round "4.13"]
[White "Bicknell, Carl"]
[Black "Bain, Oli"]
[Result "1-0"]
[WhiteElo "2101"]
[BlackElo "1696"]
[PlyCount "57"]
[GameId "2138103332427605"]
[EventDate "2024.12.27"]
[SourceTitle "Bristol_NY24_Fide_Open"]
[Source "David Tipper"]
[SourceDate "2025.02.16"]
[SourceVersion "1"]
[SourceVersionDate "2025.02.16"]
[SourceQuality "2"]

1. e4 c5 2. Nf3 e6 3. c3 d5 4. exd5 Qxd5 5. d4 Nf6 6. Be3 cxd4 7. cxd4 Be7 8. Nc3 Qd6 9. Bd3 a6 10. O-O b5 11. Rc1 Bb7 12. Bxb5+ axb5 13. Nxb5 Qd7 14. Nc7+ Kf8 15. Nxa8 Bxa8 16. Qb3 Bd6 17. Bf4 Bxf4 18. Qa3+ Bd6 19. Qxa8 Ke7 20. Ne5 Qd8 21. Qb7+ Nfd7 22. Nc4 Re8 23. Nxd6 Kxd6 24. Qb4+ Kd5 25. Rc5+ Nxc5 26. Qxc5+ Ke4 27. Qe5+ Kd3 28. Rd1+ Kc4 29. Qc5# 1-0

[Event "1st Bristol NY Open Tournament"]
[Site "Bristol Bridge & Clifton Chess"]
[Date "2024.12.29"]
[Round "4.14"]
[White "Miller, George I"]
[Black "Williams, Stephen"]
[Result "1-0"]
[WhiteElo "1881"]
[BlackElo "1682"]
[PlyCount "79"]
[GameId "2138104211589050"]
[EventDate "2024.12.27"]
[SourceTitle "Bristol_NY24_Fide_Open"]
[Source "David Tipper"]
[SourceDate "2025.02.16"]
[SourceVersion "1"]
[SourceVersionDate "2025.02.16"]
[SourceQuality "2"]

{[%evp 0,63,15,20,6,13,14,0,8,8,6,-2,4,-5,-7,-24,0,-26,1,0,-5,15,0,7,10,33,20,18,93,-5,147,37,37,-25,1,1,-113,23,16,-14,106,91,118,26,127,109,-25,104,112,76,71,231,63,119,81,11,99,97,-53,-16,-88,-45,-150,1,76,-655]} 1. e4 c5 2. Nc3 Nc6 3. Bb5 Nd4 4. Nf3 a6 5. Bc4 b5 6. Bd5 Rb8 7. Nxd4 cxd4 8. Ne2 e6 9. Bb3 Nf6 10. d3 Bc5 11. O-O O-O 12. Bg5 h6 13. Bh4 e5 14. f4 Bd6 15. f5 Be7 16. Ng3 Bb7 17. Bxf6 Bxf6 18. Nh5 d5 19. exd5 Kh7 20. Qf3 Qd6 21. c4 Rbc8 22. Nxf6+ Qxf6 23. Qe4 Rfe8 24. a4 bxc4 25. Bxc4 Rcd8 26. b4 Qd6 27. Rfc1 f6 28. Rab1 Bxd5 29. Bxd5 Qxd5 30. Qxd5 Rxd5 31. Rc6 Ra8 32. Re6 a5 33. b5 Rc5 34. Rc6 Rxc6 35. bxc6 Rc8 36. Rb6 Rc7 37. Kf2 h5 38. Kf3 g5 39. Rb7 g4+ 40. Ke4 1-0

[Event "1st Bristol NY Open Tournament"]
[Site "Bristol Bridge & Clifton Chess"]
[Date "2024.12.29"]
[Round "4.15"]
[White "Sharp, Nigel"]
[Black "Hardy, Roger"]
[Result "1/2-1/2"]
[WhiteElo "1681"]
[BlackElo "1904"]
[PlyCount "37"]
[GameId "2138105933899864"]
[EventDate "2024.12.27"]
[SourceTitle "Bristol_NY24_Fide_Open"]
[Source "David Tipper"]
[SourceDate "2025.02.16"]
[SourceVersion "1"]
[SourceVersionDate "2025.02.16"]
[SourceQuality "2"]

1. e4 c6 2. d4 d5 3. Bd3 dxe4 4. Bxe4 Nf6 5. Nc3 Nxe4 6. Nxe4 Bf5 7. Ng3 Bg6 8. c3 e6 9. Nf3 Nd7 10. O-O Be7 11. Bf4 O-O 12. Qb3 Qb6 13. Qxb6 axb6 14. a3 b5 15. Rfe1 Nb6 16. Ne5 Nc4 17. Nxc4 bxc4 18. Ne4 Bxe4 19. Rxe4 1/2-1/2

[Event "1st Bristol NY Open Tournament"]
[Site "Bristol Bridge & Clifton Chess"]
[Date "2024.12.29"]
[Round "4.16"]
[White "Ward, Andy"]
[Black "Murdoch, Stephen"]
[Result "1-0"]
[WhiteElo "1890"]
[BlackElo "1653"]
[PlyCount "51"]
[GameId "2138106613315700"]
[EventDate "2024.12.27"]
[SourceTitle "Bristol_NY24_Fide_Open"]
[Source "David Tipper"]
[SourceDate "2025.02.16"]
[SourceVersion "1"]
[SourceVersionDate "2025.02.16"]
[SourceQuality "2"]

1. c4 c6 2. Nc3 d5 3. cxd5 cxd5 4. d4 Nf6 5. Nf3 Bg4 6. Ne5 Bh5 7. Qa4+ Nbd7 8. Qb5 e6 9. Qxb7 Rb8 10. Qxa7 Nxe5 11. dxe5 Nd7 12. e3 Bc5 13. Qa4 Rb4 14. Qc2 Bg6 15. Bd3 Bxd3 16. Qxd3 Nxe5 17. Qe2 Nc4 18. O-O Qb6 19. b3 Ne5 20. Na4 Qb5 21. Qxb5+ Rxb5 22. Nxc5 Rxc5 23. Ba3 Rc2 24. Rfc1 Rc6 25. Bb2 Rxc1+ 26. Rxc1 1-0

[Event "1st Bristol NY Open Tournament"]
[Site "Bristol Bridge & Clifton Chess"]
[Date "2024.12.29"]
[Round "4.17"]
[White "Jones, Timothy M"]
[Black "Mussa, Rayyan"]
[Result "1/2-1/2"]
[WhiteElo "1828"]
[BlackElo "1615"]
[PlyCount "45"]
[GameId "2138107215689868"]
[EventDate "2024.12.27"]
[SourceTitle "Bristol_NY24_Fide_Open"]
[Source "David Tipper"]
[SourceDate "2025.02.16"]
[SourceVersion "1"]
[SourceVersionDate "2025.02.16"]
[SourceQuality "2"]

1. d4 Nf6 2. Nf3 g6 3. g3 Bg7 4. Bg2 O-O 5. O-O d6 6. c4 Nbd7 7. Nc3 e5 8. dxe5 dxe5 9. Qc2 Qe7 10. Bg5 c6 11. Rad1 h6 12. Bc1 Nb6 13. b3 Bd7 14. Nh4 Rad8 15. Ne4 Nxe4 16. Bxe4 Bh3 17. Rfe1 g5 18. Nf5 Qf6 19. Ba3 Rxd1 20. Rxd1 Bxf5 21. Bxf5 Rd8 22. Rxd8+ Qxd8 23. Kg2 1/2-1/2

[Event "1st Bristol NY Open Tournament"]
[Site "Bristol Bridge & Clifton Chess"]
[Date "2024.12.29"]
[Round "4.19"]
[White "Northam, Lawrence"]
[Black "Ingham, H William"]
[Result "1-0"]
[WhiteElo "1567"]
[BlackElo "1785"]
[PlyCount "59"]
[GameId "2138111897311988"]
[EventDate "2024.12.27"]
[SourceTitle "Bristol_NY24_Fide_Open"]
[Source "David Tipper"]
[SourceDate "2025.02.16"]
[SourceVersion "1"]
[SourceVersionDate "2025.02.16"]
[SourceQuality "2"]

1. d4 Nf6 2. c4 d6 3. Nc3 Nbd7 4. e4 e5 5. d5 Be7 6. Bd3 O-O 7. Be3 Nc5 8. Bc2 Ng4 9. Bd2 Bg5 10. h3 Bxd2+ 11. Qxd2 Nf6 12. Nge2 a5 13. O-O-O Nfd7 14. g4 Nb6 15. Bd3 Nba4 16. Nxa4 Nxa4 17. Nc3 Bd7 18. Nxa4 Bxa4 19. b3 Bd7 20. a4 c6 21. dxc6 bxc6 22. Bc2 d5 23. exd5 Qb6 24. Qe3 Qxe3+ 25. fxe3 cxd5 26. cxd5 Rac8 27. Kb2 Rb8 28. Ka3 Rfc8 29. Rc1 Rc3 30. Bxh7+ 1-0

[Event "1st Bristol NY Open Tournament"]
[Site "Bristol Bridge & Clifton Chess"]
[Date "2024.12.29"]
[Round "4.20"]
[White "Kong, Emma"]
[Black "Soleimani, Avina"]
[Result "1-0"]
[WhiteElo "1772"]
[BlackElo "1508"]
[PlyCount "71"]
[GameId "2138113214979451"]
[EventDate "2024.12.27"]
[SourceTitle "Bristol_NY24_Fide_Open"]
[Source "David Tipper"]
[SourceDate "2025.02.16"]
[SourceVersion "1"]
[SourceVersionDate "2025.02.16"]
[SourceQuality "2"]

1. d4 Nf6 2. c4 g6 3. Nc3 Bg7 4. e4 d6 5. Be2 O-O 6. Be3 e5 7. d5 Nbd7 8. g4 Nc5 9. f3 a5 10. h4 Bd7 11. h5 Qe7 12. Qd2 Rfd8 13. hxg6 fxg6 14. Bxc5 dxc5 15. Nh3 Rf8 16. O-O-O a4 17. d6 Qd8 18. dxc7 Qxc7 19. g5 Rfd8 20. gxf6 Bxh3 21. Nd5 Qd7 22. fxg7 Kxg7 23. Qg5 Qf7 24. Rxh3 Rxd5 25. Rxd5 Qf4+ 26. Qxf4 exf4 27. Rxc5 Rf8 28. Rc7+ Rf7 29. Rxf7+ Kxf7 30. Rxh7+ Kf6 31. Rxb7 Kg5 32. c5 Kh4 33. c6 Kg3 34. c7 Kf2 35. Bd1 Ke3 36. c8=Q 1-0

[Event "1st Bristol NY Open Tournament"]
[Site "Bristol Bridge & Clifton Chess"]
[Date "2024.12.29"]
[Round "4.21"]
[White "George, Naveen Daniel"]
[Black "Plotnikov, Dmytro"]
[Result "0-1"]
[WhiteElo "1483"]
[BlackElo "1712"]
[PlyCount "86"]
[GameId "2138114318294409"]
[EventDate "2024.12.27"]
[SourceTitle "Bristol_NY24_Fide_Open"]
[Source "David Tipper"]
[SourceDate "2025.02.16"]
[SourceVersion "1"]
[SourceVersionDate "2025.02.16"]
[SourceQuality "2"]

1. e4 c5 2. Nf3 Nc6 3. d4 cxd4 4. Nxd4 e5 5. Nb5 d6 6. N1c3 a6 7. Na3 Be7 8. Nd5 Nf6 9. Nxe7 Nxe7 10. f3 d5 11. exd5 Qxd5 12. Qxd5 Nfxd5 13. Nc4 O-O 14. Bd3 Bf5 15. Nxe5 f6 16. Bxf5 Nxf5 17. Nd3 Nde3 18. Bxe3 Nxe3 19. Kd2 Nxg2 20. h4 Rfe8 21. Rag1 Ne3 22. Re1 Nc4+ 23. Kc1 Ne5 24. Nxe5 Rxe5 25. Rxe5 fxe5 26. Re1 Re8 27. Re4 Kf7 28. Kd2 Kf6 29. f4 Kf5 30. Kd3 Re6 31. fxe5 Rxe5 32. Rxe5+ Kxe5 33. Ke3 b5 34. c3 g6 35. Kf3 h6 36. Ke3 Kd5 37. Kf3 Kc4 38. Ke4 a5 39. Ke3 a4 40. Kd2 g5 41. hxg5 hxg5 42. Ke3 a3 43. bxa3 Kxc3 0-1

[Event "1st Bristol NY Open Tournament"]
[Site "Bristol Bridge & Clifton Chess"]
[Date "2024.12.29"]
[Round "4.22"]
[White "Marston, Alastair Jd"]
[Black "Sun, Lydia"]
[Result "1-0"]
[WhiteElo "1756"]
[BlackElo "1268"]
[PlyCount "74"]
[GameId "2138253835911379"]
[EventDate "2024.12.27"]
[SourceTitle "Bristol_NY24_Fide_Open"]
[Source "David Tipper"]
[SourceDate "2025.02.16"]
[SourceVersion "1"]
[SourceVersionDate "2025.02.16"]
[SourceQuality "2"]

1. c4 e5 2. Nc3 Bb4 3. Nd5 Bd6 4. d3 Nc6 5. Nf3 Nge7 6. Bg5 f6 7. Nxe7 Qxe7 8. Bd2 O-O 9. e3 b6 10. Be2 Bb7 11. a3 a5 12. O-O e4 13. Ne1 Nd8 14. d4 Nf7 15. f3 Ng5 16. f4 Nf7 17. Rb1 a4 18. Nc2 f5 19. Qe1 Nh6 20. Bc3 g5 21. Qg3 g4 22. h3 Rf6 23. c5 bxc5 24. dxc5 Bxc5 25. Bxf6 Qxf6 26. hxg4 fxg4 27. Rfd1 d6 28. Nd4 Kf7 29. Bxg4 Nxg4 30. Qxg4 Qh6 31. Qd7+ Kg8 32. Nf5 Qf6 33. g4 h6 34. Kf2 Bc8 35. Qe7 Qg6 36. Rg1 Ba6 37. Qxe4 Re8 1-0

[Event "1st Bristol NY Open Tournament"]
[Site "Bristol Bridge & Clifton Chess"]
[Date "2024.12.29"]
[Round "4.23"]
[White "Plotnikov, Matvii"]
[Black "Hinde, Stephen"]
[Result "1-0"]
[WhiteElo "1640"]
[BlackElo "1186"]
[PlyCount "83"]
[GameId "2138255546675598"]
[EventDate "2024.12.27"]
[SourceTitle "Bristol_NY24_Fide_Open"]
[Source "David Tipper"]
[SourceDate "2025.02.16"]
[SourceVersion "1"]
[SourceVersionDate "2025.02.16"]
[SourceQuality "2"]

1. Nf3 Nf6 2. c4 g6 3. b4 Bg7 4. Bb2 O-O 5. g3 d6 6. Bg2 e5 7. O-O Re8 8. d3 a6 9. Nc3 Nc6 10. a3 Qd7 11. Nd5 b5 12. Qc2 Bb7 13. Rac1 Ne7 14. Nxf6+ Bxf6 15. cxb5 Nd5 16. e4 Nb6 17. Qxc7 Qxc7 18. Rxc7 Bc8 19. bxa6 Bxa6 20. Rd1 Na4 21. Ba1 Rad8 22. d4 Be2 23. Rd2 Bxf3 24. Bxf3 Bg5 25. Rdc2 Nb6 26. Rb7 Nd7 27. h4 Bf6 28. Rcc7 Re7 29. Bg4 h5 30. Bxd7 exd4 31. Bc6 Rxc7 32. Rxc7 Be5 33. Bd5 Rf8 34. Rc4 Rd8 35. Bxd4 Bxd4 36. Rxd4 Rc8 37. Rc4 Re8 38. Rc7 Rf8 39. b5 Kg7 40. Rxf7+ Rxf7 41. Bxf7 Kxf7 42. b6 1-0

[Event "1st Bristol NY Open Tournament"]
[Site "Bristol Bridge & Clifton Chess"]
[Date "2024.12.29"]
[Round "4.25"]
[White "Bourne, Patrick"]
[Black "Hawkins, Robert"]
[Result "1-0"]
[WhiteElo "1365"]
[BlackElo "1512"]
[PlyCount "83"]
[GameId "2138255546675600"]
[EventDate "2024.12.27"]
[SourceTitle "Bristol_NY24_Fide_Open"]
[Source "David Tipper"]
[SourceDate "2025.02.16"]
[SourceVersion "1"]
[SourceVersionDate "2025.02.16"]
[SourceQuality "2"]

1. d4 d5 2. c4 dxc4 3. e3 Bf5 4. Bxc4 e6 5. Nc3 Nf6 6. Nf3 Bb4 7. Qa4+ Nc6 8. Bb5 Bxc3+ 9. bxc3 a6 10. Bxc6+ bxc6 11. Qxc6+ Kf8 12. Ba3+ Kg8 13. O-O h6 14. Ne5 Be4 15. Qc5 Nd7 16. Nxd7 Qxd7 17. Rac1 Kh7 18. c4 c6 19. Qe5 Bg6 20. Rfd1 Rhe8 21. f3 f6 22. Qc5 Rac8 23. Qa5 Bf7 24. e4 Red8 25. Bc5 Ra8 26. Rb1 Qc8 27. Rb3 e5 28. d5 cxd5 29. cxd5 f5 30. Bb6 Rd7 31. Rc3 Qb7 32. Rc7 Rxc7 33. Bxc7 fxe4 34. fxe4 Qa7+ 35. Qb6 Qxb6+ 36. Bxb6 Rb8 37. Bc7 Rb7 38. Bxe5 Bg6 39. d6 Rd7 40. Rc1 Bxe4 41. Rc7 Rd8 42. Rxg7+ 1-0

[Event "1st Bristol NY Open Tournament"]
[Site "Bristol Bridge & Clifton Chess"]
[Date "2024.12.29"]
[Round "4.26"]
[White "Griffiths, Hayden"]
[Black "Jennings, Michael"]
[Result "1-0"]
[WhiteElo "1767"]
[BlackElo "1441"]
[PlyCount "67"]
[GameId "2138255546675601"]
[EventDate "2024.12.27"]
[SourceTitle "Bristol_NY24_Fide_Open"]
[Source "David Tipper"]
[SourceDate "2025.02.16"]
[SourceVersion "1"]
[SourceVersionDate "2025.02.16"]
[SourceQuality "2"]

1. e4 c5 2. c3 d5 3. exd5 Qxd5 4. Na3 Nc6 5. Nf3 Nf6 6. Be2 Bg4 7. O-O e6 8. d3 Be7 9. Qa4 O-O 10. Nc4 Rfd8 11. Ne3 Qd7 12. Nxg4 Nxg4 13. Qxg4 Rac8 14. Bf4 a6 15. Rad1 Qe8 16. Rfe1 Rd7 17. Ne5 Nxe5 18. Bxe5 g6 19. h4 h5 20. Qf4 Qf8 21. Bf6 Bxf6 22. Qxf6 Qg7 23. Qxg7+ Kxg7 24. Rd2 Rcd8 25. Red1 b5 26. d4 c4 27. a4 Kf8 28. b3 Rc7 29. bxc4 bxc4 30. Rb2 Rdc8 31. Rb6 Rc6 32. Rdb1 Ke8 33. Bf3 R6c7 34. Rxa6 1-0

[Event "1st Bristol NY Open Tournament"]
[Site "Bristol Bridge & Clifton Chess"]
[Date "2024.12.29"]
[Round "4.27"]
[White "Taylor, Noah"]
[Black "Walker, Elmira"]
[Result "1-0"]
[WhiteElo "1498"]
[BlackElo "1762"]
[PlyCount "105"]
[GameId "2138255546675602"]
[EventDate "2024.12.27"]
[SourceTitle "Bristol_NY24_Fide_Open"]
[Source "David Tipper"]
[SourceDate "2025.02.16"]
[SourceVersion "1"]
[SourceVersionDate "2025.02.16"]
[SourceQuality "2"]

1. e4 c6 2. d4 d5 3. Nc3 dxe4 4. Nxe4 Nd7 5. Nf3 Ngf6 6. Nxf6+ Nxf6 7. Bc4 Bg4 8. c3 e6 9. O-O Be7 10. h3 Bh5 11. Bf4 O-O 12. Bd3 Bd6 13. Bg5 h6 14. Bh4 g5 15. Bg3 Qc7 16. Bxd6 Qxd6 17. Re1 Rad8 18. Be2 c5 19. Qb3 b6 20. Qc4 Rc8 21. Qd3 Bg6 22. Qd1 c4 23. Ne5 b5 24. Nxg6 fxg6 25. Qc2 Kg7 26. Bf3 Nd5 27. Qe4 Rce8 28. Qe5+ Qxe5 29. Rxe5 Nf4 30. Bc6 Rb8 31. Rxb5 Rxb5 32. Bxb5 Nd3 33. Bxc4 Nxf2 34. Rf1 Ne4 35. Rxf8 Kxf8 36. Bxe6 Ke7 37. Bb3 Nd6 38. Kf2 h5 39. Kf3 a5 40. a4 Nf5 41. g3 Kd6 42. Bc2 Ne7 43. g4 h4 44. c4 Nc6 45. Ke3 Ne7 46. Kd2 Nc6 47. Kc3 Ne7 48. Be4 Ke6 49. b4 axb4+ 50. Kxb4 Nf5 51. gxf5+ gxf5 52. Bf3 Kd6 53. Kb5 1-0

[Event "1st Bristol NY Open Tournament"]
[Site "Bristol Bridge & Clifton Chess"]
[Date "2024.12.29"]
[Round "4.28"]
[White "Krautsova, Diana"]
[Black "Burton, Henry"]
[Result "1-0"]
[WhiteElo "1586"]
[BlackElo "1194"]
[PlyCount "87"]
[GameId "2138255546675603"]
[EventDate "2024.12.27"]
[SourceTitle "Bristol_NY24_Fide_Open"]
[Source "David Tipper"]
[SourceDate "2025.02.16"]
[SourceVersion "1"]
[SourceVersionDate "2025.02.16"]
[SourceQuality "2"]

1. d4 Nf6 2. Bf4 d5 3. e3 Bf5 4. Nf3 Nc6 5. c3 e6 6. Bd3 Bg4 7. Qb3 Rb8 8. Nbd2 a6 9. Qc2 Be7 10. Ne5 Nxe5 11. Bxe5 c5 12. Bxb8 Qxb8 13. Nf3 c4 14. Be2 O-O 15. Ne5 Bf5 16. Qd1 Bd6 17. Nf3 Bg4 18. h3 Bh5 19. Nh4 Bg6 20. Nxg6 fxg6 21. Bg4 Qe8 22. Qe2 Qe7 23. Bf3 e5 24. dxe5 Bxe5 25. O-O-O Qd7 26. Qc2 b5 27. Rd2 Rd8 28. Kb1 a5 29. Rhd1 b4 30. cxb4 axb4 31. Bxd5+ Nxd5 32. Rxd5 Qxd5 33. Rxd5 Rxd5 34. Qxc4 Kf8 35. Qxd5 Bh2 36. Qc5+ Kf7 37. Qxb4 Bg1 38. Qf4+ Ke6 39. a4 Kd7 40. a5 Kc8 41. Qf7 Bxf2 42. Qxf2 Kb7 43. e4 Ka6 44. Qb6# 1-0